Bienvenue au Catalogue en Ligne des Bibliothèques de l'Universite du Burundi

Subsurface hydrology (Record no. 41220)

000 -GUIDE
Champ de contrôle de longueur fixe 00737nam a22002417a 4500
003 - IDENTITÉ DU NUMÉRO DE CONTRÔLE
Champ de contrôle BI-BuBU
008 - ÉLÉMENTS DE LONGUEUR FIXE - RENSEIGNEMENTS GÉNÉRAUX
Champ de contrôle de longueur fixe 200116b2006 aaaafr|||| 001 0 fre d
020 ## - INTERNATIONAL STANDARD BOOK NUMBER
ISBN 9780471742432 : 109 euros
037 ## - SOURCE D'ACQUISITION
Source d'acquisition et du numéro d'inventaire don
039 ## - NIVEAU DE CONTRÔLE BIBLIOGRAPHIQUE ET HISTORIQUE D'ENCODAGE [OBSOLETE]
Date creation 20200116103315.0
Nom catalographe Félicien niyonzima
040 ## - SOURCE DU CATALOGAGE
Organisme qui a effectué le catalogage original BI-BuBU
Code de la langue utilisée dans le catalogage fre
Organisme qui a effectué la transcription BI-BuBU
Organisme qui a effectué la modification BI-BuBU
080 ## - INDICE DE LA CLASSIFICATION DÉCIMALE UNIVERSELLE (CDU)
Indice de la Classification décimale universelle 551.491.6
100 1# - VEDETTE PRINCIPALE - NOM DE PERSONNE
Code de relation aut
Nom de personne Pinder, Georges F.
245 1# - MENTION DU TITRE
Titre Subsurface hydrology
Mention de responsabilité, etc. George F.Pinder, Michael A Celia
260 ## - PUBLICATION, DIFFUSION, ETC. (ADRESSE BIBLIOGRAPHIQUE)
Lieu de publication, diffusion, etc. Ottawa
Nom de l'éditeur, diffuseur, etc. Wiley Interscience
Date of publication, distribution, etc 2006
300 ## - DESCRIPTION MATÉRIELLE
Collation 468 p.
Autres caractéristiques matérielles ill., couv.ill.en coul
Dimensions 26 cm
504 ## - NOTE DE BIBLIOGRAPHIE ET INDEX.
Note de bibliographie et index. Bibliogr.Index
650 #7 - VEDETTE-MATIÈRE - NOM COMMUN
Source du terme BI-BuBU
Vedette de sujet ou vedette comportant un nom géographique Hydrologie souterraine
655 ## - TERME D'INDEXATION - GENRE OU FORME
Source du terme BI-BuBU
Données ou terme dominant sur le genre ou la forme Book
700 1# - VEDETTE SECONDAIRE - NOM DE PERSONNE
Code de relation aut
Nom d'auteur Celia, Michael
942 ## - ÉLÉMENTS D'ENTRÉE ADDITIONNELLE (KOHA)
Source de la classification ou du système de rangement
Type d item koha BOOK
Holdings
Statut de retrait Statut de perte Source de la classification ou du système de rangement Statut de déterioration Exclu du prêt Numéro d item Koha Localisation permanente Localisation actuelle Date d'acquisition Source d'acquisition Nombre de prêts Cote Code-barres Date last seen Numéro d'exemplaire Prix en vigueur à partir du Type d item koha
          64076 Bibliothèque de l'Ecole doctorale Bibliothèque de l'Ecole doctorale 16/01/2020 don   551.491.6 PIN 5090000035596 16/01/2020 1 16/01/2020 BOOK
© 2019-2026 - Bibliothèques de l'Université du Burundi |Tous droits réservés
home | Pour toute information urgente Contactez nous | tel whatsupp: +25779204313